| 000 | 00606cam a22001451 4500 | ||
|---|---|---|---|
| 082 |
_a940.27 _bBEC |
||
| 100 | 1 |
_aBecke, Archibald F. _949353 |
|
| 245 | 1 | 0 |
_aNapoleon and Waterloo; _bthe Emperor's campaign with the Armée du Nord, 1815; a strategical and tactical study, _cby Captain A. F. Becke. With 11 maps. |
| 260 |
_aLondon, _bK. Paul, Trench, Trübner & Co. ltd., _c1914. |
||
| 300 |
_a2 v. _bfronts. (ports.) fold. maps, fold. plans. _c23 cm. |
||
| 526 |
_a0 _b0 _c0 _d940_270000000000000_BEC |
||
| 650 | 0 |
_aMCE _9379 |
|
| 650 | 0 |
_aWaterloo, Battle of, Waterloo, Belgium, 1815. _949627 |
|
| 942 |
_2ddc _cBK |
||
| 999 |
_c553356 _d553356 |
||